| 000 | 00868cam a22002414a 4500 | ||
|---|---|---|---|
| 001 | 12346999 | ||
| 005 | 20180312063554.0 | ||
| 008 | 010314s2002 njua bf 001 0 eng | ||
| 010 | _a 2001021603 | ||
| 020 | _a0130154954 (alk. paper) | ||
| 040 |
_aDLC _cDLC _dDLC |
||
| 041 | _aeng | ||
| 042 | _apcc | ||
| 080 | _a547.0078 LEH | ||
| 082 | 0 | 0 |
_a547.0078 LEH _221 |
| 100 | 1 | _a12 | |
| 101 | _aKIM | ||
| 245 | 1 | 0 |
_aMultiscale operational organic chemistry : _cJohn W. Lehman. |
| 504 | _aIncludes bibliographical references (p. 835-840) and index. | ||
| 906 |
_a7 _bcbc _corignew _d1 _eocip _f20 _gy-gencatlg |
||
| 942 |
_2ddc _cBK |
||
| 999 |
_c44721 _d44721 |
||